English Premier League Managers Quiz - Statistics

General Stats
  • This quiz has been taken 636 times
    324 since last reset
  • The average score is 13 of 20
Answer Stats
Team Manager/Head Coach % Correct
Arsenal Mikel Arteta
95%
Liverpool Jürgen Klopp
94%
Manchester City Pep Guardiola
93%
Manchester United Erik ten Haag
88%
Aston Villa Unai Emery
84%
Newcastle United Eddie Howe
76%
West Ham United David Moyes
72%
Chelsea Graham Potter
72%
Tottenham Hotspur Antonio Conte
64%
Everton Frank Lampard
62%
Brentford Thomas Frank
62%
Brighton and Hove Albion Roberto De Zerbi
61%
Leicester City Brendan Rodgers
56%
Crystal Palace Patrick Vieira
54%
Fulham Marco Silva
53%
Leeds United Jesse Marsch
41%
Nottingham Forest Steve Cooper
40%
Bournemouth Gary O'Neil
37%
Wolverhampton Wanderers Julen Lopetegui
28%
Southampton Nathan Jones
20%
No matching quizzes found
Score Distribution
Percent of People with Each Score
Percentile by Number Answered
Your Score History
You have not taken this quiz since the last reset